|
|
|
|
| LEADER |
00000ny a22000003n 4500 |
| 005 |
20110519133156.0 |
| 008 |
090123s2008 sp | |||| 000 0 spa d |
| 015 |
|
|
|a MON0909
|
| 017 |
|
|
|a D.L.M55117-08
|
| 020 |
|
|
|a 9788480048811
|
| 035 |
|
|
|a 5298
|
| 040 |
|
|
|a M-BN
|d vLex
|
| 080 |
|
|
|a 342.7-056.26
|
| 080 |
|
|
|a 347.161(460)
|
| 090 |
|
|
|c 53
|d 53
|
| 100 |
1 |
|
|a Garca̕ Pons, Antonio
|
| 245 |
1 |
4 |
|a Las personas con discapacidad en el ordenamiento jurd̕ico espaǫl
|h [Recurso electrn̤ico]
|b la Convencin̤ Internacional de 13 de diciembre de 2006 /
|c Antonio Garca̕ Pons
|
| 256 |
|
|
|a Servicio en ln̕ea
|
| 260 |
|
|
|a Madrid
|b Editorial Universitaria Ramn̤ Areces
|c [2008]
|
| 300 |
|
|
|a 238 p.
|c 24 cm
|
| 506 |
1 |
|
|a Contenido solo disponible en los productos indicados
|d vLex Global
|d vLex Global (Academic Edition, excluding Law Schools)
|d vLex Global (U.S. Academic Edition, Law Schools)
|d vLex Global (U.S. Academic Edition, excluding Law Schools)
|d vLex Global (Academic Edition, Law Schools)
|
| 650 |
0 |
7 |
|a Derechos fundamentales
|2 Tesauro vLex
|
| 650 |
0 |
7 |
|a Discriminacin̤
|2 Tesauro vLex
|
| 650 |
0 |
7 |
|a Incapacitacin̤
|2 Tesauro vLex
|
| 740 |
0 |
|
|a vLex Libros (Servicios en ln̕ea)
|
| 856 |
4 |
0 |
|u http://vlex.com/source/5298
|z Acceso restringido
|
| 942 |
|
|
|c BOOK
|
| 999 |
|
7 |
|a Civil rights
|b Spain
|
| 999 |
|
7 |
|a Personas con discapacidad
|z Espaą
|